DATA BASE SYSTEMS / (Record no. 588282)

000 -LEADER
fixed length control field 00360nam a22001457a 4500
020 ## - INTERNATIONAL STANDARD BOOK NUMBER
Qualifying information PB.
040 ## - CATALOGING SOURCE
Transcribing agency FIZZA ISHAQ
082 ## - DEWEY DECIMAL CLASSIFICATION NUMBER
Classification number 005.74
Author Mark THO
100 ## - MAIN ENTRY--PERSONAL NAME
Personal name BEGG,CAROLYN CONNOLLY THOMAS.
9 (RLIN) 89648
245 ## - TITLE STATEMENT
Title DATA BASE SYSTEMS /
Statement of responsibility, etc. THOMAS CONNOLLY CAROLYN BEGG.
250 ## - EDITION STATEMENT
Edition statement 6th ED.
260 ## - PUBLICATION, DISTRIBUTION, ETC.
Place of publication, distribution, etc. PEARSON ;
Date of publication, distribution, etc. 2015.
300 ## - PHYSICAL DESCRIPTION
Extent 1329 P. ;
942 ## - ADDED ENTRY ELEMENTS (KOHA)
Source of classification or shelving scheme
Koha item type Book
Holdings
Withdrawn status Lost status Source of classification or shelving scheme Damaged status Not for loan Permanent Location Current Location Date acquired Total Checkouts Full call number Barcode Date last seen Price effective from Koha item type
          NUST Baluchistan Campus (NBC) NUST Baluchistan Campus (NBC) 02/25/2022   005.74 THO Q-2599 02/25/2022 02/25/2022 Book
© 2023 Central Library, National University of Sciences and Technology. All Rights Reserved.